000 00812nas a2200265 4500
001 BR9901027
003 BR-BrBNA
005 20231205101301.0
007 ta
008 230509b bl.|||p| |||| 00| 00por d
040 _aBR-BrBNA
_bpor
_cBiblioteca Nacional de Agricultura
041 _a(Pt)
072 _aL72
100 1 _aChiminazzo, C.
100 1 _aRibeiro, L.A.O.
100 1 _aWeimer, T. de A.
245 1 _aInfluencia do polimorfismo da hemoglobina na resistencia natural a verminose em ovinos da raca Corriedale
650 _aOvino
650 _aHemoglobina
650 _aVerminose
650 _aRio Grande do Sul
773 0 _tPesquisa Agropecuaria Gaucha (Brazil)
_xISSN 0104-9070
_g(1998), v. 4(1) p. 43-48
_wBR9901027
909 _a202311
_bLúcia
_c55
_dLúcia Elande
942 _2AGRIS
_n0
_cANA
999 _c160890
_d160890